Responses for Show #7069 - Thursday, May 14, 2015

2015 Celebrity Jeopardy! game 4.

Contestants

[<< previous game]

Ginger Zee, a chief meteorologist from ABC News and Good Morning America

Josh Gad, a comedian from The Book of Mormon, Frozen, The Comedians, and Pixels

Bellamy Young, an actress from Scandal

[next game >>]

Jeopardy! Round responses

OTHER FIRST LADIES
LITERATURE
A COOK-OFF
GET RELIGION
THE COMEDIANS
THE 5 SENSES
    $200 11
the marathon

Ginger
    $200 6
Charles Dickens

Bellamy
    $200 20
a crescent

Josh
    $200 1
(Ginger: Who is Sarah Silverson?)
(Alex: You are right. No, sorry!)
(Ginger: Silverman. Who is [*]?)
(Alex: Bellamy says...)
(Bellamy: Oh! Who is [*]?)

Sarah Silverman

BellamyGinger
    $200 16
(Bellamy: Oh, uh...)
(Alex: Bellamy.)
(Bellamy: Oh, oh. What is--I don't know.)
(Alex: Oh, sorry. Too much time. Ginger.)
(Ginger: To [*] 'em out. What is to [*] 'em out?)

smell

BellamyGinger
    $800 12
Niagara Falls

Ginger
    $400 7
Jane Austen

Bellamy
    $400 21
Judas Iscariot

Triple Stumper
    $400 2
Amy Schumer

Bellamy
    $400 17
hearing

Josh
    $600 13
Halle Berry

Bellamy
    $600 8
the Dragon Tattoo

Bellamy
    $600 22
Rastafarianism

Bellamy
    $600 3
Groucho

Josh
    $600 18
(Bellamy: What is a lens?)
(Ginger: What is an eye, a bull's-eye?)
(Josh: What is an eyepiece?)

sight

BellamyJoshGinger
Triple Stumper
    $800 14
(Josh: What is the Treasury?)

the U.S. Mint

Josh
Triple Stumper
    $800 9
the Mohicans

Bellamy
    $800 23
Yom Kippur

Bellamy
    $800 4
Kathy Griffin

Ginger
    $800 19
(Alex: All right, with less than a minute now.)

good taste

Triple Stumper
    $1000 15
the FBI

Bellamy
    $1000 10
[Applause for Bellamy's run of the category]

F. Scott Fitzgerald

Bellamy
    $1000 24
[The end-of-round signal sounds.]

om

Triple Stumper
    $1000 5
George Carlin

Bellamy

Scores at the first commercial break (after clue 15):

Bellamy Josh Ginger
$6,200 -$200 $1,600

Scores at the end of the Jeopardy! Round:

Bellamy Josh Ginger
$6,800 -$200 $1,200

Double Jeopardy! Round responses

MOVIES ABOUT WEATHER?
BIRTHSTONES
THE BOOK OF MERMEN
A CAPITAL IDEA
STEPHEN SONDHEIM
WHAT THE "L"
    $400 1
Snow White

Josh
    $400 16
diamonds

Josh
    $400 21
the Little Mermaid

Josh
    $400 26
Prague

Triple Stumper
    $400 11
West Side Story

Josh
    $400 6
legalese

Ginger
    $800 2
Rain Man

Bellamy
    $800 17
an emerald

Bellamy
    $800 22
Atlantis

Josh
    $800 27
Kabul

Josh
    $800 15
Meryl Streep

Bellamy
    $800 7
a lumberjack

Bellamy
    $1200 3
Cloudy with a Chance of Meatballs

Ginger
    $3,000 18
a pearl

Bellamy
    $1200 23
Poseidon

Bellamy
    $1200 28
San Salvador

Bellamy
    $3,000 14
Madonna

Bellamy
    $1200 8
a landfill

Bellamy
    $1600 4
Marilyn Monroe

Josh
    $1600 19
amethyst

Bellamy
    $1600 24
Aquaman

Josh
    $1600 29
Mexico City

Triple Stumper
    $1600 12
Sweeney Todd

Bellamy
    $1600 9
the Longhorns

Josh
    $2000 5
[Ginger gave the response without the article and was ruled correct without comment.]

The Hurricane

Ginger
    $2000 20
an opal

Bellamy
    $2000 25
the czar

Bellamy
    $2000 30
(Bellamy: What is Vienna?)
(Josh: What is Stockholm?)

Bern

BellamyJosh
Triple Stumper
    $2000 13
A Little Night Music

Bellamy
    $2000 10
(Josh: What is lust?)
...
(Alex: What is [*]?)
(Contestants: Oh!)
(Alex: Back to you, Josh.)
(Josh: That was my second guess.)

libido

Josh
Triple Stumper

Scores at the end of the Double Jeopardy! Round:

Bellamy Josh Ginger
$26,800 $3,800 $4,800
(lock game)

[wagering suggestions for these scores]

Final Jeopardy! Round responses

BESTSELLING BOOKS
JoshWho is at least this is for charity
$3,800
GingerWho is Ann ...
$3,000
BellamyWho is Nora Ephron?
$4,000
Oprah Winfrey

Final scores:

Bellamy Josh Ginger
$22,800 $0 $1,800
Winner: $50,000 to Operation Blankets of Love 3rd place: $10,000 to Children's Hospital of Los Angeles 2nd place: $10,000 to Susan G. Komen West Michigan

Game dynamics:

Coryat scores:

Bellamy Josh Ginger
$23,200 $3,800 $4,400
26 R
(including 2 DDs),
3 W
12 R,
4 W
7 R
(including 1 DD),
2 W

Combined Coryat: $31,400

[game clues] [game scores] [suggest correction]

Game tape date: Unknown
The J! Archive is created by fans, for fans. Scraping, republication, monetization, and malicious use prohibited; this site may use cookies and collect identifying information. See terms. The Jeopardy! game show and all elements thereof, including but not limited to copyright and trademark thereto, are the property of Jeopardy Productions, Inc. and are protected under law. This website is not affiliated with, sponsored by, or operated by Jeopardy Productions, Inc. Join the discussion at JBoard.tv.